La Ninetta del Verzee e le "Poesie inedite." (Record no. 906)

MARC details
000 -LEADER
fixed length control field 00836cam a22002411 4500
001 - CONTROL NUMBER
control field af 47000673
003 - CONTROL NUMBER IDENTIFIER
control field DLC
005 - DATE AND TIME OF LATEST TRANSACTION
control field 20260227110804.0
008 - FIXED-LENGTH DATA ELEMENTS--GENERAL INFORMATION
fixed length control field 910322s1944 it ac 000 0 ita c
010 ## - LIBRARY OF CONGRESS CONTROL NUMBER
LC control number af 47000673
035 ## - SYSTEM CONTROL NUMBER
System control number (OCoLC)23285703
040 ## - CATALOGING SOURCE
Original cataloging agency Illinois. Univ. Library
Transcribing agency CU
Modifying agency DLC
042 ## - AUTHENTICATION CODE
Authentication code premarc
050 00 - LIBRARY OF CONGRESS CALL NUMBER
Classification number PQ4730.P7
Item number A12
100 1# - MAIN ENTRY--PERSONAL NAME
Personal name Porta, Carlo Antonio Melchiore Filippo,
Dates associated with a name 1775-1821.
245 03 - TITLE STATEMENT
Title La Ninetta del Verzee e le "Poesie inedite."
Statement of responsibility, etc. Con introduzione di Renato Arienta. 20 disegni e 1 ritratto.
260 ## - PUBLICATION, DISTRIBUTION, ETC.
Place of publication, distribution, etc. Milano,
Name of publisher, distributor, etc. Editoriale italiana
Date of publication, distribution, etc. [1944]
300 ## - PHYSICAL DESCRIPTION
Extent 78, [2] p. incl. illus., port.
Dimensions 22 cm.
440 #0 - SERIES STATEMENT/ADDED ENTRY--TITLE
Title Collezione "Folklore."
Volume/sequential designation [3]
500 ## - GENERAL NOTE
General note At head of title: Carlo Porta.
500 ## - GENERAL NOTE
General note "Edizione fuori commercioi reservata ai bibliotili."
700 1# - ADDED ENTRY--PERSONAL NAME
Personal name Arienta, Renato,
Relator term ed.

No items available.

Powered by Koha